000
00271nam a22001217a 4500
082
_a
823
_b
CRO/M
100
_a
CROMPTON, RICHMAL
245
_a
MEET JUST WILLIAM
260
_a
LONDON
_b
MACMILLAN CHILDREN'S BOOKS
_c
1999
300
_a
75
520
_a
SHORT STORY
942
_c
BK
999
_c
6470
_d
6470